000 00431nam a2200169Ia 4500
008 151021s9999 xx 000 0 und d
020 _a582353866
050 _aQA39.2.B361957
245 _a_Pure mathematics 1
250 _aRivised ed.
260 _aUSA Longman 1957
300 _axvii,587p.;ill.
500 _aincludes index
650 _a_Maths
700 _a_S.P.T.Houldsworth
980 _a^d20131010 04:09:59^oanne
999 _c5767
_d5767